প্লেটোর রিপাবলিক / (Record no. 58286)
[ view plain ]
| 000 -LEADER | |
|---|---|
| fixed length control field | 00987nam a2200253 4500 |
| 001 - CONTROL NUMBER | |
| control field | 58286 |
| 003 - CONTROL NUMBER IDENTIFIER | |
| rucl marc code | BD-RjUL |
| 005 - DATE AND TIME OF LATEST TRANSACTION | |
| control field | 20211209080614.0 |
| 008 - FIXED-LENGTH DATA ELEMENTS--GENERAL INFORMATION | |
| fixed length control field | 161217s1988 bg |||| |||| 000 0 ben d |
| 035 ## - SYSTEM CONTROL NUMBER | |
| System control number | (BD-RjUL)58410 |
| 040 ## - CATALOGING SOURCE | |
| Original cataloging agency | BD-RjUL |
| Language of cataloging | ben |
| Transcribing agency | BD-RjUL |
| 041 ## - LANGUAGE CODE | |
| Language code of text/sound track or separate title | ben |
| 082 ## - DEWEY DECIMAL CLASSIFICATION NUMBER | |
| Classification number | 321.07 |
| Author mark and year | PLA 1988 |
| Edition number | 23 |
| 245 00 - TITLE STATEMENT | |
| Title | প্লেটোর রিপাবলিক / |
| Statement of responsibility, etc. | সরদার ফজলুল করিম অনুদিত |
| 250 ## - EDITION STATEMENT | |
| Edition statement | ৩য় সং. |
| 260 ## - PUBLICATION, DISTRIBUTION, ETC. (IMPRINT) | |
| Place of publication, distribution, etc. | ঢাকা : |
| Name of publisher, distributor, etc. | ঢাকা বিশ্ববিদ্যালয়, |
| Date of publication, distribution, etc. | ১৯৮৮ |
| 300 ## - PHYSICAL DESCRIPTION | |
| Pagination | ৪২, ৫২৪ পৃ. ; |
| Size | ২৩ সেমি. |
| 500 ## - GENERAL NOTE | |
| General note | নিঘন্ট সংযুক্ত |
| 650 ## - SUBJECT ADDED ENTRY--TOPICAL TERM | |
| Topical term or geographic name as entry element | রাষ্ট্রবিজ্ঞান |
| 9 (RLIN) | 112115 |
| Topical term or geographic name as entry element | Political science |
| 9 (RLIN) | 117801 |
| Topical term or geographic name as entry element | Political science -- Early works to 1800. |
| 9 (RLIN) | 93287 |
| 700 ## - ADDED ENTRY--PERSONAL NAME | |
| Personal name | করিম, সরদার ফজলুল, অনুবাদক |
| 942 ## - ADDED ENTRY ELEMENTS (KOHA) | |
| Source of classification or shelving scheme | Dewey Decimal Classification |
| Koha item type | Books |
| Lost status | Source of classification or shelving scheme | Damaged status | Not for loan | Collection code | Permanent Location | Current Location | Shelving location | Date acquired | Source of acquisition | Cost, normal purchase price | Total Checkouts | Full call number | Date last seen | Copy number | Koha item type |
|---|---|---|---|---|---|---|---|---|---|---|---|---|---|---|---|
| Dewey Decimal Classification | Not For Loan | Non-fiction | Central Library, University of Rajshahi | Central Library, University of Rajshahi | Reading Room | 12/03/1991 | Dhaka University Book Association | 135.00 | B 321.07 PLA 1988 | 17/12/2016 | C-1 | Books |